Evaluación de la capacidad estructural de pavimentos flexibles sobre bases granulares

Guardat en:
Dades bibliogràfiques
Autor principal: Acosta Monge, Carlos Eduardo
Altres autors: Ocampo Rojas, Mario Antonio
Format: Llibre
Publicat: San José, Costa Rica 1988
Matèries:
Etiquetes: Afegir etiqueta
Sense etiquetes, Sigues el primer a etiquetar aquest registre!

MARC

LEADER 00000nam a2200000Ia 4500
003 004622
005 20221231144344.0
008 140114s1988 cr a m 000 ||s d
040 |c cru CEDI 
090 |a TFG 2106 
100 |a Acosta Monge, Carlos Eduardo  |9 13594 
245 |a Evaluación de la capacidad estructural de pavimentos flexibles sobre bases granulares  
260 |c 1988  |a San José, Costa Rica 
300 |a v, [155] hojas : ilustraciones ; 28 cm  
500 |a  Tesis (licenciatura en ingeniería civil)--Universidad de Costa Rica. Facultad de Ingeniería. Escuela de Ingeniería Civil 
650 |x PAVIMENTOS  |9 13596 
700 |9 13595  |a Ocampo Rojas, Mario Antonio 
942 |c TFG  |2 ddc 
999 |c 20633  |d 20633